| 000 | 00484nam a2200181Ia 4500 | ||
|---|---|---|---|
| 005 | 20250326142318.0 | ||
| 008 | 250326s9999 xx 000 0 und d | ||
| 037 | _aTextbook | ||
| 040 |
_aFMSL _beng _cFMSL |
||
| 041 |
_aeng _2eng |
||
| 084 | _qFMSL | ||
| 100 |
_aHamel G _9735461 |
||
| 245 | 0 |
_aCompeting for the future _cHamel G; Prahalad C K |
|
| 260 |
_aBoston _bBoston, Harvard Business School Press _c1994 |
||
| 300 | _a343p | ||
| 942 | _cTB | ||
| 999 |
_c1294423 _d1294423 |
||